Celulárne automaty
Čo sú celulárne automaty. Druhy celulárnych automatov. Jednodimenziálny automat, von Neumannov celulárny automat, hra života, Coddov celulárny automat, celulárny automat CoDi, Langtonove slučky. Hra života podrobnejšie.
Na minha lista:
| Autor principal: | |
|---|---|
| Formato: | Capítulo de Livro |
| Idioma: | eslovaco |
| Assuntos: | |
| Tags: |
Sem tags, seja o primeiro a adicionar uma tag!
|
MARC
| LEADER | 00000nla a2200000 4500 | ||
|---|---|---|---|
| 001 | 0199412 | ||
| 005 | 20240502073357.2 | ||
| 041 | 0 | |a slo | |
| 044 | |a SK | ||
| 245 | 1 | 0 | |a Celulárne automaty |c Marian Poláček |
| 520 | |a Čo sú celulárne automaty. Druhy celulárnych automatov. Jednodimenziálny automat, von Neumannov celulárny automat, hra života, Coddov celulárny automat, celulárny automat CoDi, Langtonove slučky. Hra života podrobnejšie. | ||
| 610 | 2 | 0 | |a technológie informačné |
| 610 | 2 | 0 | |a technológie komunikačné |
| 610 | 2 | 0 | |a počítače |
| 610 | 2 | 0 | |a modelovanie |
| 100 | 1 | |a Poláček, Marian | |